Score 0/20 Timer 03:00
0 Plays Today
3rd Letter Country % Correct
AIran, Iraq, Myanmar...
93.7%
IChina, Philippines, Sri Lanka...
93.5%
RKyrgyzstan, Israel, Jordan...
88%
DIndia, Indonesia
87.9%
PJapan, Nepal
87.6%
UBhutan, Brunei, Saudi Arabia...
83.7%
MArmenia, Cambodia, Yemen...
81.7%
NBangladesh, Mongolia, Singapore
80.9%
EAzerbaijan, Vietnam
79.9%
OGeorgia, Laos
75.4%
3rd Letter Country % Correct
BLebanon, Uzbekistan
73.3%
LMalaysia, Maldives, Palestine
70.5%
KPakistan
67.3%
JTajikistan
64.4%
ZKazakhstan
63%
SRussia
62.6%
GAfghanistan
60.4%
WKuwait
46.8%
HBahrain
43.3%
TQatar
43.3%
Remove Ads.
Support Sporcle.
Get the best of Sporcle when you Go Orange. This ad-free experience offers more features, more stats, and more fun while also helping to support Sporcle. Thank you for becoming a member.

You're not logged in!

Compare scores with friends on all Sporcle quizzes.
OR
Log In

Show Comments

Extras

Top Quizzes Today


Score Distribution

Your Account Isn't Verified!

In order to create a playlist on Sporcle, you need to verify the email address you used during registration. Go to your Sporcle Settings to finish the process.

Report this User

Report this user for behavior that violates our Community Guidelines.

Details: